UBT Library

Zgjidhja e Problemeve te Transportit ne Rrjetat Telekomunikuese duke kaluar ne Ran-in e bazuar ne IP (Record no. 45434)

000 -LEADER
fixed length control field 00345nam a22001217a 4500
008 - FIXED-LENGTH DATA ELEMENTS--GENERAL INFORMATION
fixed length control field 180423b xxu||||| |||| 00| 0 eng d
041 ## - LANGUAGE CODE
Language code of text/sound track or separate title eng
080 ## - UNIVERSAL DECIMAL CLASSIFICATION NUMBER
Universal Decimal Classification number 043.3
100 ## - Rafti
Rafti 0
101 ## - Shkurtesa
Shkurtesa SHKI-BA
245 ## - TITLE STATEMENT
Title Zgjidhja e Problemeve te Transportit ne Rrjetat Telekomunikuese duke kaluar ne Ran-in e bazuar ne IP
Statement of responsibility, etc Ahmeti, M
942 ## - ADDED ENTRY ELEMENTS (KOHA)
Source of classification or shelving scheme
Item type Books
Holdings
Withdrawn status Lost status Source of classification or shelving scheme Damaged status Not for loan Collection code Permanent location Current location Shelving location Date acquired Total Checkouts Full call number Barcode Date last seen Price effective from Koha item type
          Koleksioni i përgjithshem UBT - Lipjan UBT - Lipjan Disertacionet 04/23/2018   043.3 Ahmeti, M 2015 002-3002320 04/23/2018 04/23/2018 Books
          Koleksioni i përgjithshem UBT - Lipjan UBT - Lipjan Disertacionet 04/23/2018   043.3 Ahmeti, M 2015 002-30021311 04/23/2018 04/23/2018 Books
          Koleksioni i përgjithshem UBT - Lipjan UBT - Lipjan Disertacionet 04/23/2018   043.3 Ahmeti, M 2015 002-30021316 04/23/2018 04/23/2018 Books
          Koleksioni i përgjithshem UBT - Lipjan UBT - Lipjan Disertacionet 04/23/2018   043.3 Ahmeti, M 2015 002-3002321 04/23/2018 04/23/2018 Books
UBT Library © 2015-2024. All rights reserved University Education for Business and Technology